000 00603nam a2200181 4500
008 180301b xxu||||| |||| 00| 0 eng d
020 _a996693684X
050 _aRA643.86
_b.C43 2005
245 _aChallenging the current understanding around HIV and Aids :
_ban African christian perspective.
260 _aNairobi :
_bStarbright Services Limited,
_c2005.
300 _a154 p ;
_c24cm.
650 _aAfrica.
650 _aAIDS (Disease)
_xReligious aspects
_xChristianity.
650 _aAIDS (Disease).
700 _aAaltonen, Riita
_eed.
700 _aKombo, James
_eed.
942 _2lcc
_cBK
999 _c52398
_d52398